[Event "IX American Continental Classical Championship 201"]
[Site "Hotel Pipa AtlÃ¢ntico - Praia da Pipa - Rio Grande"]
[Date "2014.10.19"]
[Round "2"]
[Board "70"]
[White "Araujo, Vitor Angelo Lima"]
[Black "Beckerman, M."]
[Result "1/2-1/2"]
[WhiteElo "1840"]
[BlackElo "2019"]
[PlyCount "118"]
[EventDate "2014.10.18"]
[EventRounds "11"]
[EventCountry "BRA"]

1. d4 e6 2. c4 f5 3. Nc3 Nf6 4. Nf3 d5 5. Bf4 c6 6. e3 Be7 7. Bd3 O-O 8. O-O
Ne4 9. cxd5 exd5 10. Nd2 Nd7 11. f3 Ng5 12. Qc2 g6 13. Bxg5 Bxg5 14. f4 Be7 15.
a3 Nf6 16. b4 Bd7 17. Nf3 Bd6 18. Rfe1 Qe7 19. Ne5 Rac8 20. Qb3 Kg7 21. Reb1
Rc7 22. Rc1 Rfc8 23. Rc2 Be8 24. Rac1 Ne4 25. Bxe4 dxe4 26. Na4 b6 27. Nb2 b5
28. Nd1 a5 29. Rb1 axb4 30. axb4 Ra8 31. Nc3 Ra6 32. Rcb2 Rca7 33. Qc2 Bxe5 34.
dxe5 Bf7 35. Ne2 Bc4 36. Rd1 Ra3 37. Nd4 R7a6 38. Qc1 Kh6 39. Nc2 Rc3 40. Qd2
Rd3 41. Qe1 Bb3 42. Rxd3 exd3 43. Rxb3 dxc2 44. Rb2 c5 45. Rxc2 c4 46. h3 Ra4
47. Rb2 Ra3 48. Rb1 Kg7 49. Rd1 Qa7 50. Qh4 Ra6 51. Qd8 Qxe3+ 52. Kh1 Qxf4 53.
Rd7+ Kh6 54. Qf8+ Kg5 55. Qe7+ Kh6 56. Qxh7+ Kg5 57. Qe7+ Kh6 58. Qf8+ Kg5 59.
Qd8+ Kh6 1/2-1/2

[Event "IX American Continental Classical Championship 201"]
[Site "Hotel Pipa AtlÃ¢ntico - Praia da Pipa - Rio Grande"]
[Date "2014.10.19"]
[Round "2"]
[Board "71"]
[White "Reboucas, Deive Pacheco"]
[Black "Da Silva, Antonio Dutra"]
[Result "1-0"]
[WhiteElo "2008"]
[BlackElo "1747"]
[PlyCount "85"]
[EventDate "2014.10.18"]
[EventRounds "11"]
[EventCountry "BRA"]

1. Nf3 Nf6 2. b3 g6 3. Bb2 Bg7 4. g3 O-O 5. Bg2 d5 6. O-O Nbd7 7. c4 c6 8. Qc2
Re8 9. Na3 e5 10. cxd5 cxd5 11. Nb5 Re6 12. Qc7 Qe8 13. Rac1 Nb6 14. Nd6 Qf8
15. Nxc8 Nxc8 16. Qxb7 Nd6 17. Qb4 Nd7 18. Ng5 Ree8 19. Ba3 h6 20. Qxd6 hxg5
21. Qa6 Re7 22. Bxe7 Qxe7 23. Bxd5 Rd8 24. Qxa7 Qd6 25. Bg2 Nf6 26. d3 Kh7 27.
Qxf7 Rf8 28. Qc7 Qe6 29. Qc6 Qg4 30. Qf3 Qd7 31. Qe3 g4 32. Be4 Bh6 33. Qb6
Bxc1 34. Rxc1 Qg7 35. a4 Kh6 36. a5 Nd7 37. Qe3+ g5 38. Rc6+ Rf6 39. a6 Rxc6
40. Bxc6 e4 41. a7 Qa1+ 42. Kg2 Ne5 43. a8=Q 1-0

[Event "IX American Continental Classical Championship 201"]
[Site "Hotel Pipa AtlÃ¢ntico - Praia da Pipa - Rio Grande"]
[Date "2014.10.19"]
[Round "2"]
[Board "72"]
[White "Serafim Junior, Arnor"]
[Black "Santos, Sidclay Souza"]
[Result "0-1"]
[WhiteElo "1811"]
[BlackElo "2007"]
[PlyCount "72"]
[EventDate "2014.10.18"]
[EventRounds "11"]
[EventCountry "BRA"]

1. c4 f5 2. Nf3 e6 3. g3 Nf6 4. Bg2 Be7 5. O-O O-O 6. d3 Qe8 7. Nc3 c6 8. e4
fxe4 9. dxe4 d6 10. e5 dxe5 11. Nxe5 Nbd7 12. Re1 Nxe5 13. Rxe5 Qf7 14. Be3 Rd8
15. Qf3 Nd7 16. Qxf7+ Kxf7 17. Rh5 h6 18. Re1 Nf6 19. Ra5 Bb4 20. Rxa7 Rxa7 21.
Bxa7 Rd2 22. a3 Bxc3 23. bxc3 Ra2 24. Bc5 Nd7 25. Bd6 Rc2 26. Bh3 Nb6 27. Bc5
Nxc4 28. Rd1 b6 29. Rd8 Ba6 30. Rf8+ Kg6 31. Ra8 Bb5 32. Bf8 Nd2 33. Ra7 Rc1+
34. Bf1 Bxf1 35. Rxg7+ Kf6 36. h4 Nf3+ 0-1

[Event "IX American Continental Classical Championship 201"]
[Site "Hotel Pipa AtlÃ¢ntico - Praia da Pipa - Rio Grande"]
[Date "2014.10.19"]
[Round "2"]
[Board "73"]
[White "Chaves, Jorge Antonio Torres"]
[Black "Ribeiro, Jose Joselito"]
[Result "1-0"]
[WhiteElo "2006"]
[BlackElo "1733"]
[PlyCount "80"]
[EventDate "2014.10.18"]
[EventRounds "11"]
[EventCountry "BRA"]

1. d4 Nf6 2. c4 g6 3. Nc3 d5 4. cxd5 Nxd5 5. f3 Bg7 6. e4 Nxc3 7. bxc3 c5 8.
Be3 Nc6 9. Ne2 cxd4 10. cxd4 O-O 11. Qd2 f5 12. e5 e6 13. h4 h5 14. Bg5 Qd5 15.
Rc1 Kh7 16. Rc5 Qd7 17. Qc3 Rf7 18. g3 Bf8 19. Rc4 Qd5 20. Bg2 Qa5 21. Qxa5
Nxa5 22. Rc2 Bd7 23. Kf2 Ba4 24. Rb2 Ba3 25. Rbb1 Rc8 26. Bd2 Nc4 27. Bb4 Bb2
28. Bc3 Ba3 29. f4 b6 30. g4 Bc2 31. gxh5 Bxb1 32. hxg6+ Kxg6 33. Rxb1 Kh5 34.
Bf3+ Kh6 35. d5 Bc5+ 36. Bd4 Nd2 37. dxe6 Rg7 38. Rd1 Nxf3 39. Kxf3 Bxd4 40.
Rxd4 Rc6 1-0

[Event "IX American Continental Classical Championship 201"]
[Site "Hotel Pipa AtlÃ¢ntico - Praia da Pipa - Rio Grande"]
[Date "2014.10.19"]
[Round "2"]
[Board "74"]
[White "Pereira Fo, Hildebrando Apolon"]
[Black "Barreto Junior, Williem Silva"]
[Result "0-1"]
[WhiteElo "1803"]
[BlackElo "2006"]
[PlyCount "70"]
[EventDate "2014.10.18"]
[EventRounds "11"]
[EventCountry "BRA"]

1. c4 Nf6 2. Nc3 g6 3. Nf3 Bg7 4. e3 O-O 5. Be2 d6 6. O-O Nbd7 7. Qc2 c6 8. d4
Qc7 9. Bd2 Re8 10. b4 e5 11. dxe5 Nxe5 12. Nd4 Bd7 13. h3 Bc8 14. f4 Ned7 15.
Bf3 a6 16. a3 Nb6 17. Qd3 c5 18. Nc2 Be6 19. Nd5 Bxd5 20. cxd5 c4 21. Qe2 Nfxd5
22. Rab1 Nxf4 23. Qf2 Nd3 24. Qh4 c3 25. Be1 Ne5 26. Be2 Nec4 27. Rf4 Nxe3 28.
Rc1 Nbd5 29. Nxe3 Rxe3 30. Rc4 Qe7 31. Bf3 Nb6 32. Re4 Rxe4 33. Bxe4 Bf6 34.
Qg4 d5 35. Bd3 Qe3+ 0-1

[Event "IX American Continental Classical Championship 201"]
[Site "Hotel Pipa AtlÃ¢ntico - Praia da Pipa - Rio Grande"]
[Date "2014.10.19"]
[Round "2"]
[Board "75"]
[White "Lopes Silva, Luiz Eduardo"]
[Black "Dantas, Rhuan De Araujo"]
[Result "1-0"]
[WhiteElo "2003"]
[BlackElo "1719"]
[PlyCount "157"]
[EventDate "2014.10.18"]
[EventRounds "11"]
[EventCountry "BRA"]

1. e4 e5 2. Nf3 Nc6 3. Bb5 a6 4. Ba4 Nf6 5. O-O d6 6. Re1 b5 7. Bb3 Be7 8. c3
Na5 9. Bc2 c5 10. h3 O-O 11. d4 Qc7 12. Nbd2 cxd4 13. cxd4 Bd7 14. Nf1 Rac8 15.
Bd3 Nc6 16. Be3 h6 17. Rc1 Qb8 18. Qd2 d5 19. Bxh6 gxh6 20. Qxh6 dxe4 21. Bxe4
Nxe4 22. Rxe4 Qd6 23. Qe3 exd4 24. Nxd4 Bf6 25. Nf3 Rfe8 26. Ng3 Rxe4 27. Nxe4
Qe7 28. Rd1 Be6 29. Qh6 Bg7 30. Qh5 Rd8 31. Re1 Rd5 32. Nfg5 Bf5 33. Qf3 Bxe4
34. Nxe4 Re5 35. Rc1 Nd8 36. Rc8 Rxe4 37. Rxd8+ Qxd8 38. Qxe4 Bxb2 39. Qc6 Qd1+
40. Kh2 Be5+ 41. g3 Qe2 42. Kg2 Bd4 43. Qc8+ Kg7 44. Qf5 Bf6 45. Qd5 Qe6 46.
Qd2 Qc6+ 47. Kg1 Qc4 48. h4 Qg4 49. Kg2 Qd4 50. Qe2 Qd5+ 51. Kh2 a5 52. Qg4+
Kf8 53. Qc8+ Bd8 54. Qc2 Qc4 55. Qd2 Ke8 56. Qe1+ Kf8 57. Qd2 Ke7 58. Qg5+ Kd7
59. Qf5+ Kc6 60. Qf3+ Qd5 61. Qc3+ Kb6 62. Qe3+ Kc6 63. Qe8+ Kc5 64. Qe3+ Kc4
65. Qc1+ Kb4 66. Qb2+ Kc5 67. Qc3+ Kb6 68. Qe3+ Ka6 69. Qe2 a4 70. h5 Ka5 71.
h6 Qe6 72. Qd2+ b4 73. Qxd8+ Kb5 74. Qd3+ Kc6 75. Qa6+ Kc5 76. Qxe6 fxe6 77. h7
b3 78. axb3 axb3 79. h8=Q 1-0

[Event "IX American Continental Classical Championship 201"]
[Site "Hotel Pipa AtlÃ¢ntico - Praia da Pipa - Rio Grande"]
[Date "2014.10.19"]
[Round "2"]
[Board "76"]
[White "Feitosa, Jocelenilson Nunes"]
[Black "Jorquera Cabello, Valentina"]
[Result "0-1"]
[WhiteElo "1731"]
[BlackElo "2000"]
[PlyCount "84"]
[EventDate "2014.10.18"]
[EventRounds "11"]
[EventCountry "BRA"]

1. c4 e5 2. Nc3 Nc6 3. g3 f5 4. Bg2 Nf6 5. e3 d6 6. a3 a5 7. Nge2 Be6 8. Nd5 a4
9. b4 e4 10. b5 Bxd5 11. cxd5 Ne5 12. Nf4 Qd7 13. Rb1 g5 14. d4 gxf4 15. dxe5
dxe5 16. exf4 Qxd5 17. Qxd5 Nxd5 18. Bb2 Bg7 19. Bf1 O-O-O 20. Bc4 Rhe8 21. O-O
Nb6 22. Ba2 Re7 23. Bc1 Bh6 24. Bb2 Bg7 25. Rbd1 Rxd1 26. Rxd1 exf4 27. Bxg7
Rxg7 28. Be6+ Kb8 29. Bxf5 e3 30. Rd4 e2 31. Re4 f3 32. Re8+ Ka7 33. Bd3 Nd5
34. Bxe2 fxe2 35. Rxe2 Kb6 36. Rb2 Nc3 37. Rb4 Ka5 38. f4 Nxb5 39. f5 Nxa3 40.
Rxb7 Nb5 41. Kf2 Rg8 42. f6 Ka6 0-1

[Event "IX American Continental Classical Championship 201"]
[Site "Hotel Pipa AtlÃ¢ntico - Praia da Pipa - Rio Grande"]
[Date "2014.10.19"]
[Round "2"]
[Board "77"]
[White "Moura, Paulo Jorge Alves B."]
[Black "Felix, Dieggo Guerra"]
[Result "1-0"]
[WhiteElo "2000"]
[BlackElo "1656"]
[PlyCount "63"]
[EventDate "2014.10.18"]
[EventRounds "11"]
[EventCountry "BRA"]

1. d4 Nf6 2. c4 e6 3. Nc3 Bb4 4. Nf3 b6 5. Bg5 Bb7 6. e3 h6 7. Bh4 g5 8. Bg3
Ne4 9. Qc2 f5 10. Be5 Rg8 11. Nd2 Bxc3 12. bxc3 d6 13. Bg3 h5 14. f3 Nf6 15.
Bd3 h4 16. Bf2 Qe7 17. e4 fxe4 18. Nxe4 Nbd7 19. Be3 Nxe4 20. Bxe4 O-O-O 21.
Bxb7+ Kxb7 22. O-O Nf6 23. h3 Nh5 24. a4 d5 25. Qb3 dxc4 26. Qxc4 Rd5 27. a5
Ra8 28. axb6 cxb6 29. Qa6+ Kb8 30. c4 Rd6 31. c5 bxc5 32. Rfb1+ 1-0

[Event "IX American Continental Classical Championship 201"]
[Site "Hotel Pipa AtlÃ¢ntico - Praia da Pipa - Rio Grande"]
[Date "2014.10.19"]
[Round "2"]
[Board "78"]
[White "Da Silva Filho, Ibernon Luiz"]
[Black "Moccero, Eduardo"]
[Result "1/2-1/2"]
[WhiteElo "1716"]
[BlackElo "1997"]
[PlyCount "132"]
[EventDate "2014.10.18"]
[EventRounds "11"]
[EventCountry "BRA"]

1. c4 Nc6 2. Nc3 Nf6 3. d4 d5 4. cxd5 Nxd5 5. e4 Nxc3 6. bxc3 e6 7. Nf3 Be7 8.
Bd3 h6 9. h4 Bf6 10. e5 Be7 11. Qc2 Qd5 12. Be4 Qa5 13. Bd2 Bd7 14. Rb1 O-O-O
15. Qb3 Qb6 16. Qc2 Qa5 17. O-O g5 18. hxg5 hxg5 19. Nxg5 Bxg5 20. Bxg5 Rdg8
21. Bf6 Rh3 22. g3 Qa3 23. Kg2 Rh6 24. Qb3 Qxb3 25. axb3 Nb8 26. Rh1 Rxh1 27.
Rxh1 Bc6 28. Bxc6 Nxc6 29. b4 Kd7 30. Rh7 Ke8 31. Kf3 Ne7 32. Rh8 Rxh8 33. Bxh8
Nd5 34. c4 Nxb4 35. Ke4 c6 36. Bf6 a5 37. Bg5 a4 38. Bd2 Na6 39. c5 Nc7 40. Kd3
Kd7 41. Bc3 Nd5 42. Bd2 Kc7 43. Bc1 b5 44. cxb6+ Kxb6 45. Kc4 Kc7 46. g4 Kd7
47. f4 Kc7 48. f5 exf5 49. gxf5 Kd7 50. f6 Ke6 51. Ba3 Kd7 52. Bc5 Ke6 53. Kd3
Nf4+ 54. Kc3 Kd5 55. Kb4 Nd3+ 56. Kxa4 Nxc5+ 57. dxc5 Kxe5 58. Ka5 Ke6 59. Kb6
Kd5 60. Kc7 Kxc5 61. Kd7 Kd5 62. Ke7 c5 63. Kxf7 c4 64. Kg7 c3 65. f7 c2 66.
f8=Q c1=Q 1/2-1/2

[Event "IX American Continental Classical Championship 201"]
[Site "Hotel Pipa AtlÃ¢ntico - Praia da Pipa - Rio Grande"]
[Date "2014.10.19"]
[Round "2"]
[Board "79"]
[White "Pereira, Henry Alberto"]
[Black "Carneiro, Jose Gildivan"]
[Result "1-0"]
[WhiteElo "1995"]
[BlackElo "1636"]
[PlyCount "61"]
[EventDate "2014.10.18"]
[EventRounds "11"]
[EventCountry "BRA"]

1. b3 e5 2. Bb2 Nc6 3. c4 Nf6 4. e3 Bc5 5. a3 a6 6. b4 Bd6 7. Qc2 b6 8. Nf3 Qe7
9. d3 Bb7 10. Nbd2 O-O 11. Rc1 Qe6 12. Be2 Be7 13. b5 Nd8 14. Bxe5 Bxa3 15. Rb1
d6 16. Bc3 d5 17. bxa6 Rxa6 18. cxd5 Nxd5 19. Be5 Bd6 20. d4 Ra8 21. O-O Nc6
22. Ng5 Qg6 23. Qxg6 hxg6 24. Bxd6 cxd6 25. Bf3 Ba6 26. Bxd5 Bxf1 27. Kxf1 Rac8
28. Rxb6 Ne7 29. Rxd6 Nxd5 30. Rxd5 Rc1+ 31. Ke2 1-0

[Event "IX American Continental Classical Championship 201"]
[Site "Hotel Pipa AtlÃ¢ntico - Praia da Pipa - Rio Grande"]
[Date "2014.10.19"]
[Round "2"]
[Board "80"]
[White "Presa, Luis Alberto Passos"]
[Black "Albuquerque, Rafael Anderson"]
[Result "0-1"]
[WhiteElo "1701"]
[BlackElo "1981"]
[PlyCount "90"]
[EventDate "2014.10.18"]
[EventRounds "11"]
[EventCountry "BRA"]

1. d4 d5 2. Nf3 Nf6 3. c4 c6 4. Nc3 e6 5. Bg5 Be7 6. e3 Nbd7 7. Qc2 O-O 8. Bd3
dxc4 9. Bxc4 Nd5 10. Bxe7 Qxe7 11. Nxd5 exd5 12. Bd3 h6 13. Rc1 Re8 14. O-O Nf6
15. Ne5 Be6 16. h3 Nd7 17. f4 Nxe5 18. fxe5 Qg5 19. Rf3 b6 20. Qf2 Qe7 21. g4
c5 22. Rf1 Rf8 23. Qg3 Rac8 24. h4 c4 25. Bb1 c3 26. bxc3 Rxc3 27. g5 hxg5 28.
hxg5 Rfc8 29. g6 Rc1 30. Qh2 Rxf1+ 31. Kxf1 Qb4 32. gxf7+ Bxf7 33. Qh7+ Kf8 34.
Qg6 Rc1+ 35. Kg2 Qb2+ 36. Rf2 Qxf2+ 37. Kxf2 Bxg6 38. Bxg6 Ra1 39. e4 Rxa2+ 40.
Ke3 Ra3+ 41. Kf4 Rd3 42. exd5 Rxd4+ 43. Be4 Ke7 44. Ke3 Rxe4+ 45. Kxe4 a5 0-1

[Event "IX American Continental Classical Championship 201"]
[Site "Hotel Pipa AtlÃ¢ntico - Praia da Pipa - Rio Grande"]
[Date "2014.10.19"]
[Round "2"]
[Board "81"]
[White "Bulgarini Torre, Marco"]
[Black "Schucman, Rebeca Lot"]
[Result "1-0"]
[WhiteElo "1978"]
[BlackElo "1619"]
[PlyCount "65"]
[EventDate "2014.10.18"]
[EventRounds "11"]
[EventCountry "BRA"]

1. e4 c5 2. Nc3 g6 3. g3 Bg7 4. Bg2 Nc6 5. d3 d6 6. Nh3 e6 7. Bg5 Nge7 8. Qd2
Nd4 9. O-O Rb8 10. Rae1 b5 11. Nd1 b4 12. c3 Ndc6 13. Bh6 O-O 14. Bxg7 Kxg7 15.
Ne3 Qa5 16. Ng4 Ng8 17. e5 Nxe5 18. Nxe5 dxe5 19. Rxe5 Qxa2 20. Rxc5 bxc3 21.
Qxc3+ Nf6 22. b4 Qa6 23. f4 Qb6 24. Rb1 Bb7 25. Bxb7 Rxb7 26. Nf2 Rfb8 27. g4
e5 28. fxe5 Ne8 29. g5 Kg8 30. e6 Qxe6 31. Re1 Qd7 32. Rc4 Nc7 33. Ng4 1-0

[Event "IX American Continental Classical Championship 201"]
[Site "Hotel Pipa AtlÃ¢ntico - Praia da Pipa - Rio Grande"]
[Date "2014.10.19"]
[Round "2"]
[Board "82"]
[White "Macedo, Luiz Soares De"]
[Black "Haskin, Zachary J"]
[Result "0-1"]
[WhiteElo "1649"]
[BlackElo "1976"]
[PlyCount "58"]
[EventDate "2014.10.18"]
[EventRounds "11"]
[EventCountry "BRA"]

1. d4 Nf6 2. c4 g6 3. Nc3 Bg7 4. Nf3 O-O 5. Qc2 d6 6. e3 Nbd7 7. Be2 e5 8. dxe5
dxe5 9. O-O c6 10. Rd1 Re8 11. b4 Qe7 12. a3 Nb6 13. Bb2 Bg4 14. e4 Bxf3 15.
gxf3 Bh6 16. c5 Nbd7 17. Bc1 Bxc1 18. Qxc1 Nh5 19. Bf1 Nf8 20. Ne2 Ne6 21. Ng3
Nhf4 22. Kh1 Rad8 23. Qc2 Nd4 24. Qc3 Qg5 25. Ra2 h5 26. Qe3 h4 27. Ne2 Ndxe2
28. Rxe2 Rxd1 29. Re1 Red8 0-1

[Event "IX American Continental Classical Championship 201"]
[Site "Hotel Pipa AtlÃ¢ntico - Praia da Pipa - Rio Grande"]
[Date "2014.10.19"]
[Round "2"]
[Board "83"]
[White "Schuh, Astor Jose"]
[Black "Do Nascimento, Denner Leonardo"]
[Result "1-0"]
[WhiteElo "1956"]
[BlackElo "1555"]
[PlyCount "51"]
[EventDate "2014.10.18"]
[EventRounds "11"]
[EventCountry "BRA"]

1. e4 c5 2. Nf3 d6 3. Bc4 Nf6 4. Nc3 e6 5. d4 d5 6. Bb5+ Bd7 7. e5 cxd4 8. Nxd4
Bxb5 9. exf6 Bd7 10. fxg7 Bxg7 11. O-O Qb6 12. Be3 Qxb2 13. Qd3 Qa3 14. Rab1 b6
15. Ndb5 Bxb5 16. Qxb5+ Ke7 17. Nxd5+ exd5 18. Qxd5 Nd7 19. Rfe1 Be5 20. Bg5+
f6 21. Rbd1 Rad8 22. Rxe5+ Nxe5 23. Qxe5+ Kf7 24. Qxf6+ Kg8 25. Rxd8+ Qf8 26.
Rxf8# 1-0

[Event "IX American Continental Classical Championship 201"]
[Site "Hotel Pipa AtlÃ¢ntico - Praia da Pipa - Rio Grande"]
[Date "2014.10.19"]
[Round "2"]
[Board "84"]
[White "Dantas, Isaac Pereira"]
[Black "Besso, Guadalupe"]
[Result "0-1"]
[WhiteElo "1633"]
[BlackElo "1947"]
[PlyCount "42"]
[EventDate "2014.10.18"]
[EventRounds "11"]
[EventCountry "BRA"]

1. d4 Nf6 2. c4 g6 3. Nc3 d5 4. cxd5 Nxd5 5. e4 Nxc3 6. bxc3 Bg7 7. Nf3 c5 8.
Be3 O-O 9. Be2 cxd4 10. Bxd4 Qa5 11. Qc2 Nc6 12. Bxg7 Kxg7 13. O-O Bg4 14. h3
Bxf3 15. Bxf3 Ne5 16. Be2 Rac8 17. Rfc1 Rfd8 18. Qb3 Rd2 19. Bf1 Qc5 20. Qxb7
Qxf2+ 21. Kh1 Nf3 0-1

[Event "IX American Continental Classical Championship 201"]
[Site "Hotel Pipa AtlÃ¢ntico - Praia da Pipa - Rio Grande"]
[Date "2014.10.19"]
[Round "2"]
[Board "85"]
[White "Freitas, Remulo Aguiar"]
[Black "Vieira, Erico Vinicius Duarte"]
[Result "1-0"]
[WhiteElo "1944"]
[BlackElo "1520"]
[PlyCount "50"]
[EventDate "2014.10.18"]
[EventRounds "11"]
[EventCountry "BRA"]

1. d4 f5 2. Bg5 g6 3. e3 Bg7 4. Nf3 d5 5. c4 c6 6. Nc3 Nf6 7. Qb3 e6 8. Ne5 a6
9. c5 Nbd7 10. Nxd7 Qxd7 11. Na4 Qc7 12. Nb6 Ra7 13. Bf4 Qd8 14. Bb8 Ra8 15.
Nxa8 O-O 16. Bc7 Qd7 17. Bd6 Rf7 18. Nb6 Qd8 19. Be5 h5 20. Bd3 h4 21. f3 Bh6
22. Be2 g5 23. g3 h3 24. O-O-O g4 25. Bxf6 Rxf6 1-0

[Event "IX American Continental Classical Championship 201"]
[Site "Hotel Pipa AtlÃ¢ntico - Praia da Pipa - Rio Grande"]
[Date "2014.10.19"]
[Round "2"]
[Board "86"]
[White "Farias, Sergio Luiz Cardoso"]
[Black "Cabezas Rojas, Bastian"]
[Result "0-1"]
[WhiteElo "1575"]
[BlackElo "1942"]
[PlyCount "54"]
[EventDate "2014.10.18"]
[EventRounds "11"]
[EventCountry "BRA"]

1. d4 Nf6 2. c4 e6 3. Nc3 Bb4 4. Qc2 O-O 5. Nf3 b6 6. a3 Bxc3+ 7. Qxc3 Ne4 8.
Qc2 Bb7 9. e3 d6 10. Bd3 f5 11. b3 Ng5 12. Ke2 Nxf3 13. gxf3 Qh4 14. h3 Qh5 15.
e4 fxe4 16. Bxe4 d5 17. cxd5 exd5 18. Bxh7+ Qxh7 19. Qxc7 Ba6+ 20. Ke1 Qd3 21.
Ra2 Re8+ 22. Be3 Qb1+ 23. Kd2 Qxa2+ 24. Qc2 Qxc2+ 25. Kxc2 Nc6 26. Rg1 Rac8 27.
Kd2 Na5 0-1

[Event "IX American Continental Classical Championship 201"]
[Site "Hotel Pipa AtlÃ¢ntico - Praia da Pipa - Rio Grande"]
[Date "2014.10.19"]
[Round "2"]
[Board "87"]
[White "Zimmermann, Kleber Renato P."]
[Black "Born, Ary"]
[Result "1-0"]
[WhiteElo "1938"]
[BlackElo "1453"]
[PlyCount "47"]
[EventDate "2014.10.18"]
[EventRounds "11"]
[EventCountry "BRA"]

1. d4 Nf6 2. c4 g6 3. Nc3 Bg7 4. e4 d6 5. f4 O-O 6. Be2 e5 7. fxe5 dxe5 8. d5
Na6 9. Bg5 Qd6 10. Nf3 Re8 11. Nd2 Bf8 12. O-O Be7 13. Be3 Nc5 14. b4 Na6 15.
c5 Qd8 16. Qb3 Ng4 17. Bxg4 Bxg4 18. d6 Be6 19. dxe7 Qd7 20. Nd5 Kh8 21. Qc3
Bxd5 22. Qxe5+ Kg8 23. Bd4 f5 24. Qg7# 1-0

[Event "IX American Continental Classical Championship 201"]
[Site "Hotel Pipa AtlÃ¢ntico - Praia da Pipa - Rio Grande"]
[Date "2014.10.19"]
[Round "2"]
[Board "88"]
[White "Scardini, Leonardo"]
[Black "Rapouso, Ricardo Luis Borba"]
[Result "0-1"]
[WhiteElo "1522"]
[BlackElo "1934"]
[PlyCount "60"]
[EventDate "2014.10.18"]
[EventRounds "11"]
[EventCountry "BRA"]

1. d4 d5 2. c4 e6 3. Nc3 c6 4. e3 f5 5. Nf3 Nd7 6. Qc2 Nh6 7. Bd3 Bd6 8. O-O
O-O 9. c5 Bc7 10. b4 e5 11. dxe5 Nxe5 12. Nxe5 Bxe5 13. Bb2 Bxh2+ 14. Kxh2 Qh4+
15. Kg1 Ng4 16. Rfe1 f4 17. Bxh7+ Kh8 18. Be4 fxe3 19. Bf3 exf2+ 20. Kf1
fxe1=Q+ 21. Rxe1 Nh2+ 22. Ke2 Nxf3 23. gxf3 Re8+ 24. Ne4 Qh2+ 25. Kd3 dxe4+ 26.
Rxe4 Qxc2+ 27. Kxc2 Bf5 28. Kd3 Rad8+ 29. Ke3 Bxe4 30. fxe4 Rd1 0-1

[Event "IX American Continental Classical Championship 201"]
[Site "Hotel Pipa AtlÃ¢ntico - Praia da Pipa - Rio Grande"]
[Date "2014.10.19"]
[Round "2"]
[Board "89"]
[White "Sousa, Virginio Aleixo Da Silv"]
[Black "Ribeiro , Allysson"]
[Result "0-1"]
[WhiteElo "1499"]
[BlackElo "1926"]
[PlyCount "113"]
[EventDate "2014.10.18"]
[EventRounds "11"]
[EventCountry "BRA"]

1. d4 d5 2. c4 c6 3. Nf3 Nf6 4. Nc3 e6 5. e3 Nbd7 6. cxd5 exd5 7. Bd3 Bd6 8.
O-O O-O 9. e4 dxe4 10. Nxe4 Nxe4 11. Bxe4 Nf6 12. Bc2 Bg4 13. Bg5 Bh5 14. Bf5
Bg6 15. Qd3 Qb6 16. Bxf6 gxf6 17. Bxg6 fxg6 18. b3 Rad8 19. Rad1 Kg7 20. Qc4
Rf7 21. Rd3 Rfd7 22. Rfd1 Qa5 23. Qc2 Bc7 24. Kf1 Bb6 25. Qb2 Qf5 26. b4 g5 27.
Qb3 g4 28. Nh4 Qg5 29. g3 Kf8 30. Qc4 Qd5 31. Qxd5 Rxd5 32. a4 Rxd4 33. Rxd4
Rxd4 34. Rxd4 Bxd4 35. Nf5 Bc3 36. b5 cxb5 37. axb5 a6 38. Nd6 axb5 39. Nxb5
Bb4 40. Ke2 b6 41. f3 h5 42. fxg4 hxg4 43. Kd3 Kg7 44. Ke4 Kg6 45. Nd4 Bc5 46.
Ne2 Kg5 47. Nf4 Bd6 48. Ne6+ Kg6 49. Nf4+ Bxf4 50. Kxf4 b5 51. Ke4 b4 52. Kd3
Kf5 53. Kc4 Ke4 54. Kxb4 Kf3 55. Kc4 Kg2 56. Kd4 Kxh2 57. Ke4 0-1

[Event "IX American Continental Classical Championship 201"]
[Site "Hotel Pipa AtlÃ¢ntico - Praia da Pipa - Rio Grande"]
[Date "2014.10.19"]
[Round "3"]
[Board "1"]
[White "Bruzon Batista, Lazaro"]
[Black "Martinez Alcantara, Jose Eduar"]
[Result "1/2-1/2"]
[WhiteElo "2679"]
[BlackElo "2440"]
[PlyCount "80"]
[EventDate "2014.10.18"]
[EventRounds "11"]
[EventCountry "BRA"]

1. d4 Nf6 2. c4 c5 3. d5 e6 4. Nc3 exd5 5. cxd5 d6 6. Nf3 g6 7. Nd2 Bg7 8. Nc4
O-O 9. Bf4 Ne8 10. Qd2 b6 11. e3 Ba6 12. a4 Bxc4 13. Bxc4 a6 14. O-O Qe7 15. e4
Nd7 16. Bg5 f6 17. Bh4 Ne5 18. Bb3 Qd7 19. f4 Nf7 20. Kh1 Nc7 21. Bc2 b5 22. a5
Rae8 23. Rae1 f5 24. exf5 gxf5 25. g4 Nh6 26. g5 Nf7 27. Rxe8 Nxe8 28. Nd1 Nh8
29. b4 cxb4 30. Qxb4 Qc7 31. Ne3 Ng6 32. Bg3 Ne7 33. Qb1 Qd7 34. Qd1 Bc3 35.
Qd3 Qc7 36. Ng4 Qxa5 37. Qe3 Qc7 38. Nh6+ Kh8 39. Qe6 Ng7 40. Nf7+ Kg8 1/2-1/2

[Event "IX American Continental Classical Championship 201"]
[Site "Hotel Pipa AtlÃ¢ntico - Praia da Pipa - Rio Grande"]
[Date "2014.10.19"]
[Round "3"]
[Board "2"]
[White "Paveto, Kevin"]
[Black "Granda Zuniga, Julio E"]
[Result "1/2-1/2"]
[WhiteElo "2426"]
[BlackElo "2674"]
[PlyCount "67"]
[EventDate "2014.10.18"]
[EventRounds "11"]
[EventCountry "BRA"]

1. e4 c5 2. Nf3 Nc6 3. d4 cxd4 4. Nxd4 e6 5. Nxc6 bxc6 6. Bd3 Bd6 7. O-O Ne7 8.
Nd2 Ng6 9. Re1 Bc7 10. g3 O-O 11. Qh5 Ne5 12. Bf1 f5 13. f4 Ng4 14. exf5 exf5
15. Nf3 Bb6+ 16. Kg2 Bb7 17. h3 g6 18. Qg5 Nf6 19. Bd2 c5 20. Rad1 Qc7 21. Bc4+
d5 22. Bb5 Qg7 23. Qh4 Bd8 24. Ng5 Ne4 25. Rxe4 fxe4 26. Bc3 d4 27. Bc4+ Kh8
28. Rxd4 cxd4 29. Bxd4 e3+ 30. Kg1 Bf6 31. Bxf6 Rxf6 32. Nxh7 Rxf4 33. gxf4
Qxh7 34. Qf6+ 1/2-1/2

[Event "IX American Continental Classical Championship 201"]
[Site "Hotel Pipa AtlÃ¢ntico - Praia da Pipa - Rio Grande"]
[Date "2014.10.19"]
[Round "3"]
[Board "3"]
[White "Bachmann, Axel"]
[Black "Molina, Roberto Junio Brito"]
[Result "1-0"]
[WhiteElo "2645"]
[BlackElo "2425"]
[PlyCount "69"]
[EventDate "2014.10.18"]
[EventRounds "11"]
[EventCountry "BRA"]

1. Nf3 d5 2. c4 c6 3. d4 Nf6 4. e3 Bf5 5. Nc3 e6 6. Nh4 Bg6 7. Qb3 Qc7 8. Nxg6
hxg6 9. g3 Nbd7 10. Bg2 Be7 11. Bd2 O-O 12. O-O Nb6 13. c5 Nbd7 14. Qc2 a5 15.
a3 b5 16. f4 Nh7 17. g4 g5 18. e4 dxe4 19. Nxe4 Ndf6 20. fxg5 Nxg4 21. Bf4 Qd8
22. Qd1 f5 23. gxf6 Ngxf6 24. Nxf6+ Bxf6 25. Bd6 Rc8 26. Qg4 Qd7 27. Rae1 Rf7
28. Kh1 Nf8 29. Rf3 Bd8 30. Rxf7 Qxf7 31. Rf1 Bf6 32. Be4 Rd8 33. Be5 Nh7 34.
Bxh7+ Kxh7 35. Rf3 1-0